| 000 | 00339nam a22001457a 4500 | ||
|---|---|---|---|
| 003 | SGT | ||
| 020 | _a978-1-264-79567-3 | ||
| 082 |
_a612.015 _bKEN |
||
| 100 | _aKENNELLY, PETER J. | ||
| 245 | _aHARPER'S ILLUSTRATED BIOCHEMISTRY | ||
| 260 |
_aINDIA _bMC GRAW HILL _c2023 |
||
| 300 | _a802 | ||
| 650 | _aBIOCHEMISTRY | ||
| 942 |
_2ddc _cBK |
||
| 999 |
_c33083 _d33083 |
||